000 01562nam a22002657a 4500
003 Uzh_bibl
008 260326b |||||||| |||| 00| 0 ukr d
020 _a-
_c4.00
040 _bукр.
041 _2ukr
_aukr
080 _a347.63
090 _a347.63
_bМ14
100 _aМайор, Надія
245 _aДітям про їхні права
_cРецен.Марусинець М.М.,Сивохоп Я.М., Тулай О.Ю.
_hТекст
260 _aУжгород
_b-
_c2005
300 _a84 с.
_bіл.
520 _aУ методичному посібнику розглядаються питання формування у дітей дошкільного та молодшого шкільного віку початкових уявлень про права дитини. Подано орієнтовані конспекти занять, які можуть бути творчо використані педагогами у роботі з дітьми. Для педагогічних працівників дошкільних навчальних закладів, вчителів початкових класів.
521 _aДля широкого кола читачів
546 _aукр.
650 _aКраєзнавча література
653 _aОрієнтовані конспекти занять, розваг
_aНова казка про колобка
_aМій дім - моя фортеця
655 _vПосібник
700 _aЧаварга, Ольга
942 _2udc
_cBK
999 _c17205
_d17205